[Event "European Individual Championship"]
[Site "Jerusalem ISR"]
[Date "2015.03.04"]
[EventDate "2015.02.24"]
[Round "8.11"]
[Result "1-0"]
[White "Maxim Rodshtein"]
[Black "Jan-Krzysztof Duda"]
[WhiteElo "2660"]
[BlackElo "2591"]
[PlyCount "61"]

1. d4 d5 2. c4 c6 3. Nf3 Nf6 4. Nc3 dxc4 5. a4 e6 6. e3 c5
7. Bxc4 Nc6 8. O-O cxd4 9. exd4 Be7 10. Qe2 O-O 11. Rd1 Nb4
12. Bg5 Bd7 13. d5 exd5 14. Nxd5 Nbxd5 15. Bxd5 Nxd5 16. Rxd5
Bxg5 17. Nxg5 h6 18. Qd2 hxg5 19. Rxd7 Qf6 20. Rxb7 Rab8
21. Qb4 a5 22. Qb5 Rxb7 23. Qxb7 Rd8 24. Rf1 Qe5 25. b3 g6
26. Qf3 Rd2 27. g3 Rb2 28. Rd1 g4 29. Qxg4 Rxb3 30. Rd8+ Kg7
31. Qh4 1-0

[Event "European Individual Championship"]
[Site "Jerusalem ISR"]
[Date "2015.03.06"]
[EventDate "2015.02.24"]
[Round "10.7"]
[Result "1/2-1/2"]
[White "Maxim Rodshtein"]
[Black "Mateusz Bartel"]
[WhiteElo "2660"]
[BlackElo "2631"]
[PlyCount "75"]

1. d4 d5 2. c4 c6 3. Nf3 e6 4. Nc3 dxc4 5. e3 b5 6. a4 Bb4
7. Bd2 a5 8. axb5 Bxc3 9. Bxc3 cxb5 10. b3 Bb7 11. bxc4 b4
12. Bb2 Nf6 13. c5 O-O 14. Bb5 Bc6 15. Ba4 Bxa4 16. Qxa4 Qd5
17. O-O Nc6 18. Rfd1 Rfc8 19. Ne5 Ne8 20. Nxc6 Rxc6 21. f3 f5
22. e4 fxe4 23. fxe4 Qxe4 24. Re1 Qd5 25. Re5 Qd7 26. d5 Rc7
27. d6 Qxa4 28. Rxa4 Rc6 29. Rxe6 Rxc5 30. d7 Kf7 31. dxe8=Q+
Rxe8 32. Rxe8 Kxe8 33. Bxg7 Kd7 34. Kf2 Kc6 35. Ra2 Kb5
36. Ke3 a4 37. Rf2 a3 38. Rf7 1/2-1/2

[Event "European Individual Championship"]
[Site "Jerusalem ISR"]
[Date "2015.03.08"]
[EventDate "2015.02.24"]
[Round "11.4"]
[Result "1/2-1/2"]
[White "Maxim Matlakov"]
[Black "Maxim Rodshtein"]
[WhiteElo "2695"]
[BlackElo "2660"]
[PlyCount "29"]

1. d4 Nf6 2. c4 e6 3. Nf3 d5 4. Nc3 Be7 5. Bg5 h6 6. Bh4 O-O
7. e3 Ne4 8. Bxe7 Qxe7 9. Rc1 c6 10. Bd3 Nxc3 11. Rxc3 dxc4
12. Bxc4 Nd7 13. O-O b6 14. Bd3 c5 15. Be4 1/2-1/2

[Event "FIDE World Team Championship"]
[Site "Tsaghkadzor ARM"]
[Date "2015.04.19"]
[EventDate "2015.04.19"]
[Round "1.4"]
[Result "0-1"]
[White "Vladimir Akopian"]
[Black "Maxim Rodshtein"]
[WhiteElo "2660"]
[BlackElo "2654"]
[PlyCount "110"]

1. e4 e5 2. Nf3 Nc6 3. Bb5 Nf6 4. d3 Bc5 5. c3 O-O 6. O-O Re8
7. Bg5 h6 8. Bh4 a6 9. Ba4 Be7 10. Nbd2 b5 11. Bb3 d6 12. a4
Bd7 13. Bxf6 Bxf6 14. Bd5 Rb8 15. axb5 axb5 16. b4 Qc8 17. Qc2
Nd8 18. Ra7 Ne6 19. g3 c6 20. Bb3 Bd8 21. Qa2 Bb6 22. Ra3 Qd8
23. d4 Qf6 24. dxe5 dxe5 25. Kg2 c5 26. bxc5 Bxc5 27. Ra6 Bb6
28. Ra3 Rec8 29. Bd5 Nc7 30. c4 Nxd5 31. cxd5 Qd6 32. Ra6 f6
33. Nh4 Kh7 34. Nf5 Bxf5 35. exf5 Qd7 36. g4 Rc5 37. Ne4 Rc4
38. Re1 Qxd5 39. Qe2 Qb7 40. Ra2 Ra8 41. Rxa8 Qxa8 42. h4 Bd8
43. Kg3 Qc6 44. f3 Be7 45. Rh1 Qd7 46. Rb1 h5 47. gxh5 Qxf5
48. Rxb5 Rd4 49. Qe3 Ra4 50. Nc3 Rf4 51. Ne2 Bd6 52. Kf2 Rxh4
53. Rd5 Rh2+ 54. Kg1 Qh3 55. Qe4+ f5 0-1

[Event "FIDE World Team Championship"]
[Site "Tsaghkadzor ARM"]
[Date "2015.04.20"]
[EventDate "2015.04.19"]
[Round "2.4"]
[Result "1-0"]
[White "Maxim Rodshtein"]
[Black "Ahmed Adly"]
[WhiteElo "2654"]
[BlackElo "2589"]
[PlyCount "141"]

1. d4 Nf6 2. c4 e6 3. Nf3 d5 4. Nc3 c6 5. Bg5 Nbd7 6. cxd5
exd5 7. e3 Be7 8. Qc2 O-O 9. Bd3 Re8 10. h3 Nf8 11. Bf4 Bd6
12. Bxd6 Qxd6 13. O-O-O b5 14. Kb1 a5 15. Rc1 Ba6 16. Ne2 b4
17. Nf4 Rec8 18. Ne5 g6 19. Qc5 Qxc5 20. Rxc5 g5 21. Bxa6 Rxa6
22. Nfd3 Ne4 23. Rc2 f6 24. Nf3 Ne6 25. Nd2 Nxd2+ 26. Rxd2 Kf7
27. Rc2 Ke7 28. f3 Rg8 29. g4 h5 30. gxh5 Rh8 31. h4 Rxh5
32. Rch2 Kf7 33. hxg5 Rxh2 34. Rxh2 Nxg5 35. Rh8 Nxf3 36. Nc5
Rb6 37. Kc2 f5 38. Ra8 f4 39. Kd3 b3 40. Nxb3 fxe3 41. Kxe3
Ng5 42. Rxa5 Ne4 43. Kd3 Rb8 44. Ra7+ Ke6 45. Rc7 Kd6 46. Rh7
Rg8 47. Rh2 Rg3+ 48. Kc2 Rg4 49. a4 Kc7 50. Kb1 Ng5 51. a5 Ne6
52. Rh7+ Kb8 53. a6 Rg7 54. Rh6 Re7 55. Kc2 Ka7 56. Kc3 Kb6
57. Kb4 Re8 58. Rh7 Nc7 59. Nc5 Rc8 60. Re7 Nxa6+ 61. Nxa6
Kxa6 62. Kc5 Rb8 63. Kxc6 Rxb2 64. Kxd5 Kb6 65. Kd6 Rh2 66. d5
Rh6+ 67. Re6 Rh7 68. Rf6 Kb5 69. Rf8 Kc4 70. Kc6 Rh5 71. Rf4+
1-0

[Event "FIDE World Team Championship"]
[Site "Tsaghkadzor ARM"]
[Date "2015.04.23"]
[EventDate "2015.04.19"]
[Round "5.4"]
[Result "1-0"]
[White "Maxim Rodshtein"]
[Black "Isan Reynaldo Ortiz Suarez"]
[WhiteElo "2667"]
[BlackElo "2612"]
[PlyCount "73"]

1. d4 Nf6 2. c4 e6 3. Nf3 Bb4+ 4. Bd2 Qe7 5. g3 Bxd2+ 6. Qxd2
Nc6 7. b3 O-O 8. Bg2 d5 9. O-O Rd8 10. Qb2 a5 11. a3 b6
12. cxd5 exd5 13. Rc1 Bb7 14. Nc3 Na7 15. b4 axb4 16. axb4 Ne4
17. b5 Nc8 18. Rxa8 Bxa8 19. Ne5 f6 20. Bxe4 fxe5 21. Qa2 exd4
22. Nxd5 Bxd5 23. Bxd5+ Kh8 24. Bc4 Nd6 25. Bd3 g6 26. Qa1 Nb7
27. Rc4 Qg7 28. Rc6 Na5 29. Re6 Nb7 30. Qc1 Nc5 31. Rc6 Qe5
32. Bxg6 Qg7 33. Qf4 Rf8 34. Qh4 d3 35. exd3 Kg8 36. Bxh7+
Qxh7 37. Qg5+ 1-0

[Event "FIDE World Team Championship"]
[Site "Tsaghkadzor ARM"]
[Date "2015.04.27"]
[EventDate "2015.04.19"]
[Round "8.3"]
[Result "1/2-1/2"]
[White "Maxim Rodshtein"]
[Black "Zoltan Almasi"]
[WhiteElo "2667"]
[BlackElo "2698"]
[PlyCount "115"]

1. d4 Nf6 2. c4 e6 3. Nc3 Bb4 4. Nf3 b6 5. e3 O-O 6. Bd3 d5
7. O-O Ba6 8. cxd5 exd5 9. Bxa6 Nxa6 10. Qa4 Qc8 11. Bd2 Re8
12. Rfc1 Bf8 13. Ne2 c5 14. dxc5 Nxc5 15. Qc2 Qa6 16. Bc3 Nce4
17. Bxf6 Nxf6 18. Nf4 Bd6 19. Qd3 Qb7 20. Ne2 g6 21. Rd1 Rac8
22. Rac1 Rxc1 23. Rxc1 Rc8 24. Rxc8+ Qxc8 25. b3 Qc5 26. g3
Ne4 27. Kg2 b5 28. Nfd4 a6 29. f3 Nf6 30. g4 Nd7 31. h3 Bc7
32. Qc3 Qd6 33. f4 Nc5 34. Ng3 Bb6 35. Kf3 Qd7 36. Nde2 Qe7
37. Qd4 Nd7 38. Qd3 b4 39. Nf1 Qe6 40. Nd4 Bxd4 41. Qxd4 a5
42. Ng3 Qc6 43. g5 f6 44. h4 Kf7 45. Ne2 Qc5 46. Qd3 Qc6
47. Qd4 Qc5 48. e4 dxe4+ 49. Kxe4 Qf5+ 50. Ke3 Nc5 51. Ng3
Qe6+ 52. Kd2 Qc6 53. Qc4+ Kf8 54. gxf6 Qg2+ 55. Kc1 Qf2
56. Ne2 Qe3+ 57. Kc2 Ne4 58. Qd3 1/2-1/2

[Event "FIDE World Team Championship"]
[Site "Tsaghkadzor ARM"]
[Date "2015.04.28"]
[EventDate "2015.04.19"]
[Round "9.3"]
[Result "1-0"]
[White "Evgeny Tomashevsky"]
[Black "Maxim Rodshtein"]
[WhiteElo "2745"]
[BlackElo "2667"]
[PlyCount "71"]

1. d4 Nf6 2. c4 e6 3. Nf3 d5 4. Nc3 Bb4 5. cxd5 exd5 6. Bg5 h6
7. Bh4 Nbd7 8. e3 g5 9. Bg3 Ne4 10. Nd2 Nxg3 11. hxg3 Nb6
12. Qb3 Bf8 13. O-O-O Be6 14. f4 Qf6 15. a4 O-O-O 16. a5 Nd7
17. Bd3 gxf4 18. gxf4 Bg4 19. Nxd5 Qc6+ 20. Bc4 Bxd1 21. Rxd1
Rg8 22. Nc3 Rg3 23. Bd5 Qa6 24. Bf3 Re8 25. Nc4 f6 26. Kb1 Kb8
27. Rc1 Rc8 28. Rc2 Re8 29. Rc1 Rc8 30. Rh1 c6 31. Rh5 Kc7
32. Rf5 b5 33. Nd2 Qxa5 34. Bxc6 Rxe3 35. Rxb5 Rxc3 36. bxc3
1-0

[Event "Rilton Cup"]
[Site "Stockholm SWE"]
[Date "2015.12.27"]
[EventDate "2015.12.27"]
[Round "1.2"]
[Result "0-1"]
[White "Filip Cukrowski"]
[Black "Maxim Rodshtein"]
[WhiteElo "2320"]
[BlackElo "2678"]
[PlyCount "80"]

1. e4 c5 2. Nf3 e6 3. d4 cxd4 4. Nxd4 Nc6 5. Nc3 Qc7 6. Be3 a6
7. Qd2 Nf6 8. f3 Be7 9. O-O-O b5 10. g4 Bb7 11. g5 Nh5 12. Be2
Nxd4 13. Bxd4 O-O 14. Be3 d5 15. exd5 Rfd8 16. f4 b4 17. Bxh5
bxc3 18. Qf2 Bxd5 19. Rxd5 Rxd5 20. Bf3 cxb2+ 21. Kb1 Rad8
22. Bxd5 Rxd5 23. Qe2 Qc3 24. h4 a5 25. h5 a4 26. g6 a3
27. gxf7+ Kxf7 28. h6 g6 29. Re1 Qc6 30. Bd2 Rh5 31. Qe3 Qc4
32. Qb3 Qd5 33. Qc3 Rh1 34. Qe3 Rxe1+ 35. Qxe1 Qf3 36. Be3 Bf8
37. Bd2 Bc5 38. Bc3 Bd6 39. Be5 Bxe5 40. fxe5 g5 0-1

[Event "Rilton Cup"]
[Site "Stockholm SWE"]
[Date "2015.12.29"]
[EventDate "2015.12.27"]
[Round "3.2"]
[Result "0-1"]
[White "Mads Andersen"]
[Black "Maxim Rodshtein"]
[WhiteElo "2474"]
[BlackElo "2678"]
[PlyCount "136"]

1. d4 d5 2. c4 c6 3. Nf3 Nf6 4. Nc3 e6 5. e3 Nbd7 6. Qc2 Bd6
7. Bd3 O-O 8. O-O dxc4 9. Bxc4 b5 10. Be2 Qe7 11. Ng5 Bb7
12. Nce4 c5 13. Nxd6 Qxd6 14. dxc5 Nxc5 15. Rd1 Qb6 16. e4
Ncxe4 17. Be3 Qa5 18. Nxe4 Bxe4 19. Qc5 Nd5 20. Bd2 Qd8
21. Qd4 Nf6 22. Qe3 Qe7 23. Qg3 Rfd8 24. Bg5 a6 25. a4 Rxd1+
26. Rxd1 bxa4 27. Rd4 Bg6 28. Rxa4 h6 29. Be3 Qb7 30. Qe5 Qb3
31. Ra1 Qc2 32. Bd1 Qd3 33. h3 Qd5 34. Qxd5 Nxd5 35. Bf3 Rb8
36. Bxd5 exd5 37. Rxa6 Rxb2 38. Ra8+ Kh7 39. Rd8 Rb1+ 40. Kh2
Rd1 41. Rd7 f6 42. f3 Bf5 43. Rd6 h5 44. g4 Rd3 45. gxf5 Rxe3
46. Kg3 Rd3 47. Rd7 Rd1 48. h4 Kg8 49. Rd8+ Kf7 50. Rd7+ Kf8
51. Kg2 Rd2+ 52. Kg3 Rd4 53. Rd8+ Ke7 54. Rg8 Kf7 55. Rd8 Rd1
56. Kg2 Ke7 57. Rg8 Kd6 58. Rxg7 Ke5 59. Rh7 Kf4 60. Kf2 Rd2+
61. Ke1 Rh2 62. Rh6 Ke3 63. Kf1 Kxf3 64. Ke1 Ke3 65. Kf1 Rf2+
66. Ke1 Rxf5 67. Rh8 d4 68. Re8+ Re5 0-1

[Event "Rilton Cup"]
[Site "Stockholm SWE"]
[Date "2015.12.30"]
[EventDate "2015.12.27"]
[Round "4.2"]
[Result "1-0"]
[White "Maxim Rodshtein"]
[Black "Bartosz Socko"]
[WhiteElo "2678"]
[BlackElo "2587"]
[PlyCount "97"]

1. d4 Nf6 2. c4 g6 3. Nc3 Bg7 4. e4 d6 5. Nf3 O-O 6. h3 Na6
7. Be3 e5 8. d5 Nh5 9. g3 Qe8 10. Be2 f5 11. exf5 gxf5 12. Ng5
Nf6 13. Qd2 Bd7 14. O-O-O Nc5 15. g4 Kh8 16. gxf5 Bxf5
17. Bxc5 dxc5 18. Bg4 Bg6 19. Ne6 Rf7 20. Rde1 Re7 21. Nxg7
Kxg7 22. Be6 Rxe6 23. dxe6 Qxe6 24. Qe3 Qf5 25. Re2 Re8
26. Rg1 Nh5 27. Rg5 Qf4 28. b3 c6 29. Rd2 Re7 30. Rd6 e4
31. Qxf4 Nxf4 32. h4 e3 33. fxe3 Rxe3 34. Kd2 Rh3 35. Rg4 Rh2+
36. Kc1 Nh5 37. Ne4 Rxa2 38. Nxc5 b6 39. Ne4 c5 40. Ng5 Nf6
41. Rf4 Nh5 42. Rd7+ Kg8 43. Rf3 Re2 44. Rxa7 Ng7 45. Rf6 Re8
46. Rxb6 Nf5 47. h5 Bxh5 48. Nxh7 Re1+ 49. Kb2 1-0

[Event "Rilton Cup"]
[Site "Stockholm SWE"]
[Date "2016.01.01"]
[EventDate "2015.12.27"]
[Round "5.1"]
[Result "1/2-1/2"]
[White "Jon Ludvig Hammer"]
[Black "Maxim Rodshtein"]
[WhiteElo "2695"]
[BlackElo "2678"]
[PlyCount "108"]

1. d4 d5 2. c4 c6 3. Nf3 Nf6 4. e3 Bf5 5. Nc3 e6 6. Nh4 Be4
7. f3 Bg6 8. Qb3 Qc7 9. Bd2 Be7 10. Rc1 Ne4 11. Nxe4 Bxh4+
12. Nf2 Qb6 13. g3 Be7 14. Nh3 Nd7 15. Nf4 Bd6 16. cxd5 exd5
17. h4 O-O 18. g4 h5 19. Nxg6 fxg6 20. Qc2 Rxf3 21. Qxg6 Bb4
22. Qe6+ Kh8 23. Be2 Bxd2+ 24. Kxd2 Rf2 25. Rc2 Nf6 26. Kc1
Qc7 27. Bd1 Qg3 28. g5 Ne4 29. Qh3 Raf8 30. Qxg3 Nxg3 31. Rg1
Rxc2+ 32. Kxc2 Rf2+ 33. Kb1 Ne2 34. Re1 Ng3 35. Rg1 Nf5
36. Bxh5 Kh7 37. Re1 Rh2 38. Bg4 Nd6 39. h5 Rg2 40. g6+ Kh6
41. Bd1 Ne4 42. Kc1 Rf2 43. Rg1 Nd6 44. Re1 Ne4 45. Rg1 a5
46. a4 b6 47. Rh1 Nd6 48. Re1 Ne4 49. Rh1 Nf6 50. Rg1 c5
51. dxc5 bxc5 52. Rh1 c4 53. Rh4 Kg5 54. Rh1 Kh6 1/2-1/2

[Event "Rilton Cup"]
[Site "Stockholm SWE"]
[Date "2016.01.02"]
[EventDate "2015.12.27"]
[Round "6.2"]
[Result "1/2-1/2"]
[White "Maxim Rodshtein"]
[Black "Tiger Hillarp Persson"]
[WhiteElo "2678"]
[BlackElo "2521"]
[PlyCount "153"]

1. d4 g6 2. c4 Bg7 3. e4 d6 4. Nc3 e5 5. Nf3 Nc6 6. Bg5 f6
7. Be3 Nh6 8. h3 Nf7 9. c5 dxc5 10. dxe5 fxe5 11. Bxc5 Qxd1+
12. Rxd1 Ncd8 13. Bc4 c6 14. O-O Ne6 15. Ba3 Bf8 16. Bxf8 Kxf8
17. Ne2 Ke7 18. Nc1 g5 19. Ne2 Bd7 20. Ng3 Rad8 21. h4 gxh4
22. Nxh4 Bc8 23. Nhf5+ Kf6 24. f3 h5 25. Rxd8 Nexd8 26. Rd1 h4
27. Nf1 Bxf5 28. exf5 Kxf5 29. Rd7 Ng5 30. Kf2 e4 31. Nd2 exf3
32. Nxf3 Nxf3 33. Kxf3 a5 34. Ke3 Ke5 35. Bf1 b5 36. Rd4 a4
37. Re4+ Kd6 38. Rd4+ Kc7 39. Rg4 Ne6 40. Rg6 Nc5 41. Be2 Re8+
42. Kf3 Ne6 43. Rg4 Rh8 44. Bf1 Kd6 45. Ke3 Kc5 46. b3 a3
47. b4+ Kd6 48. Rg6 Ke5 49. Rg4 Nc7 50. Re4+ Kd6 51. Kd2 Nd5
52. Be2 h3 53. gxh3 Rxh3 54. Rg4 Nc3 55. Bf1 Rg3 56. Rxg3 Ne4+
57. Kc2 Nxg3 58. Bg2 Nf5 59. Kb3 Ne3 60. Bf3 c5 61. Be2 c4+
62. Kxa3 Ke5 63. Kb2 Kd4 64. a3 Nf5 65. Kc2 Nd6 66. Bf1 Nf5
67. Be2 Ne3+ 68. Kb2 Ke4 69. Kc3 Nd5+ 70. Kc2 Kd4 71. Bh5 Ne3+
72. Kc1 Nf5 73. Kc2 Ne3+ 74. Kc1 c3 75. Be8 Nc4 76. Bxb5 Nxa3
77. Be2 1/2-1/2

[Event "Rilton Cup"]
[Site "Stockholm SWE"]
[Date "2016.01.03"]
[EventDate "2015.12.27"]
[Round "7.2"]
[Result "0-1"]
[White "Michal Krasenkow"]
[Black "Maxim Rodshtein"]
[WhiteElo "2610"]
[BlackElo "2678"]
[PlyCount "78"]

1. d4 d5 2. c4 c6 3. Nc3 Nf6 4. e3 e6 5. Nf3 Nbd7 6. Qc2 Bd6
7. b3 O-O 8. Be2 b6 9. Bb2 Bb7 10. O-O Qe7 11. e4 dxe4
12. Nxe4 Nxe4 13. Qxe4 Nf6 14. Qh4 c5 15. dxc5 Bxc5 16. Rad1
Rfd8 17. Ne5 Ba3 18. Bxa3 Qxa3 19. Bh5 Rf8 20. Nd7 Nxd7
21. Rxd7 Bc6 22. Rd2 a5 23. Rfd1 Qc5 24. Be2 h6 25. Rd6 Rfc8
26. Bf1 Rab8 27. Qf4 Be8 28. h4 Qc7 29. g3 Qc5 30. Bd3 Bc6
31. a3 Be8 32. Bc2 b5 33. Qe4 g6 34. Qf4 bxc4 35. Qxh6 Qh5
36. Qe3 Qc5 37. Qh6 Qe5 38. bxc4 Rxc4 39. Rd8 Rxc2 0-1

[Event "Rilton Cup"]
[Site "Stockholm SWE"]
[Date "2016.01.04"]
[EventDate "2015.12.27"]
[Round "8.1"]
[Result "1-0"]
[White "Maxim Rodshtein"]
[Black "Alexander Donchenko"]
[WhiteElo "2678"]
[BlackElo "2588"]
[PlyCount "51"]

1. Nf3 Nf6 2. g3 c5 3. Bg2 Nc6 4. O-O e5 5. e4 Nxe4 6. Re1 d5
7. c4 Be6 8. Qa4 Bd6 9. cxd5 Bxd5 10. Rxe4 b5 11. Qxb5 Bxe4
12. Qa4 Bxf3 13. Bxf3 O-O 14. Bxc6 Rc8 15. d3 Be7 16. Bb5 c4
17. Bxc4 e4 18. Nc3 exd3 19. Be3 Bc5 20. Bxc5 Rxc5 21. Rd1 d2
22. Ne4 Re5 23. Rxd2 Qa8 24. Rd4 Rd8 25. Rxd8+ Qxd8 26. Qc6
1-0

[Event "Rilton Cup"]
[Site "Stockholm SWE"]
[Date "2016.01.05"]
[EventDate "2015.12.27"]
[Round "9.1"]
[Result "0-1"]
[White "Hans Tikkanen"]
[Black "Maxim Rodshtein"]
[WhiteElo "2515"]
[BlackElo "2678"]
[PlyCount "136"]

1. e4 c6 2. d4 d5 3. Nc3 dxe4 4. Nxe4 Bf5 5. Ng3 Bg6 6. h4 h6
7. Nf3 Nd7 8. h5 Bh7 9. Bd3 Bxd3 10. Qxd3 e6 11. Bd2 Ngf6
12. O-O-O Bd6 13. Ne4 Qc7 14. Nxd6+ Qxd6 15. g3 O-O 16. Bf4
Qd5 17. c4 Qe4 18. Ne5 Rfd8 19. f3 Nxe5 20. Bxe5 Qxd3 21. Rxd3
b5 22. c5 Rd5 23. g4 a5 24. a4 b4 25. Kc2 Ra7 26. Kb3 Rad7
27. Bxf6 gxf6 28. Kc4 f5 29. Re1 fxg4 30. fxg4 Rg5 31. Re4 Kf8
32. Rf3 Ke7 33. Ref4 Rg7 34. Rf6 Rd5 35. R3f4 Rh7 36. Kd3 Rg5
37. Ke4 Rgg7 38. Kf3 Rg8 39. Kg3 b3 40. Rf3 Rb8 41. R6f4 Rg7
42. Re3 Rg5 43. Kf3 Rb4 44. Rfe4 Rd5 45. Kg3 Rxa4 46. Rxb3
Rdxd4 47. Rxd4 Rxd4 48. Rb6 Kf6 49. Kh4 Ke5 50. Kg3 Rd3+
51. Kh4 Kf4 52. Rxc6 Rd1 53. Kh3 Kf3 54. Kh2 Kxg4 55. Ra6 Rd2+
56. Kg1 Rxb2 57. Rxa5 Rc2 58. Ra7 f6 59. Ra6 Kf5 60. Rc6 e5
61. Rc8 e4 62. Rc6 Kg5 63. Re6 f5 64. Re5 Kf4 65. Rd5 e3
66. Kf1 Ke4 67. Rd6 Kf3 68. Rxh6 Rc1# 0-1